00462nam a2200157Ia 4500008004100000020001800041082001400059100002000073245004700093250000800140260004200148300002400190500001900214600002100233650005000254240925s9999 xx 000 0 und d a9788131705056 a006.6 FOL aFoley, James D. 0aComputer Graphics Principles and Practice  a2nd aNew Delhi:bPearson Educationc,2008. a1028p.b0fOriginal aIncludes Index aComputer Science aComputer science, information & general works